000 00273nam a22001097a 4500
008 180803b xxu||||| |||| 00| 0 eng d
082 _a813.52
245 _aUnderstanding SSI Disability for Children
_cOD
300 _a1
_fCassette
440 _x18007721213
942 _2ddc
_cMP
999 _c46757
_d46757